000 00445cam a2200145 4500500
005 20260405005158.0
041 _afre
042 _adc
100 1 0 _aWahnich, Sophie
_eauthor
245 0 0 _a20th Century History Museums in Europe
260 _c2005.
500 _a4
786 0 _nÉtudes | Volume 403 | 7 | 2005-07-01 | p. 29-41 | 0014-1941
856 4 1 _uhttps://shs.cairn.info/journal-etudes-2005-7-page-29?lang=en&redirect-ssocas=7080
999 _c2081638
_d2081638